Alle Ausfahrten der Arlberg-Schnellstraße (S16) - Statistiken

Allgemein
  • Dieses Quiz wurde 99 mal gespielt
  • Das Durchschnittsergebnis liegt bei 7 aus 13
Antwortstatistiken
km Bz. Ausfahrt % Korrekt
23,4 LA St. Anton am Arlberg
98%
0,0 LA Landeck-Ost
91%
5,2 LA Landeck-West
91%
62,2 BZ Bludenz-Ost / Montafon
89%
14,7 LA Flirsch
67%
44,9 BZ Wald am Arlberg
67%
50,8 BZ Dalaas
54%
39,6 BZ Langen am Arlberg
43%
8,4 LA Pians / Paznaun / Ischgl
37%
21,9 LA Pettneu am Arlberg
24%
55,8 BZ Braz
20%
18,9 LA Schnann
17%
60,8 BZ Bings
13%
Keine übereinstimmenden Quizze gefunden
Verteilung der Resultate
Anzahl Personen mit jedem Resultat
Perzentil nach korrekt beantworteten Fragen
Ihre Resultats-Entwicklung
Sie haben dieses Quiz noch nicht gespielt